000 00529 a2200193 4500
005 20260214105411.0
008 260213b |||||||| |||| 00| 0 eng d
020 _a9788171561278
_cRs. 1195.00
040 _aMAIN
082 _a954.02
_bB457T
100 _aBernier, Francois
245 _aTravels in the Mogul empire A.D. 1656-1668
260 _bAtlantic Publishers and Distributors
_c2025
_aNew Delhi
300 _axlvii, 378
650 _aHistory
650 _aMogul Empire
650 _aIndia - History
942 _cBK
999 _c394602
_d394602